000 00251nam a2200109Ia 4500
008 190216s9999||||xx |||||||||||||| ||und||
100 _aAchutha Menon C
245 0 _aPrathikshinam
260 _bCurrent Books
650 _aEssay Malayalam
942 _cBK
999 _c24416
_d24416